000 00417pab a2200157 454500
008 180718b2014 xxu||||| |||| 00| 0 eng d
100 _aShah, Tushaar et al
245 _aGenerating agrarian dynamism: Saurashtra's lessons for Vidarbha
260 _c2014
300 _ap.86-100.
362 _a28 Jun
650 _aAgrarian structure
773 _aEconomic and Political Weekly
908 _aN
909 _a106426
999 _c106421
_d106421